000 00565nam a22001937a 4500
003 BD-DhJNU
005 20250416061912.0
008 250416b |||||||| |||| 00| 0 eng d
020 _a0070237581
040 _aBD-DhJNU
_bENG
_cBD-DhJNU
_dBD-DhJNU
082 _223
_a301 GOP
100 _aGoode, William J.
245 _aPrinciples of sociology /
_cWilliam J. Goode
260 _aNew York :
_bMcGraw-Hill,
_c1977.
300 _axv, 543p. :
_bill. ;
_c22 cm.
504 _aIncludes bibliographical references and index
650 _aSociology
942 _2ddc
_cBK
_n0
999 _c1586
_d1586